00938 a2200217 45000010006000000050017000060080041000230030015000640400040000790800096001192450041002152640028002563000019002845050197003039420007005005900036005071000026005437000028005699990015005979520108006125717020260407155834.0260407a1971 arg spa dAR-UNSa-BCEJYS aAR-UNSa-BCEJYSbspacAR-UNSa-BCEJYS a330.342xNivel de desarrollo. Grados del desarrollo de la economía. Sistemas económicos10aCapitalismo, socialismo y democracia 1aMadrid :bAguilarc1971 a512 p.c21 cm. a1. La teoría de Marx – 2. ¿Puede sobrevivir el capitalismo? – 3. ¿Puede funcionar el socialismo? – 4. Socialismo y democracia – 5. Bosquejo histórico de los partidos socialistas  cBK aniveau_biblio:m niveau_hierar:01 aSchumpeter, Joseph A.1 aDíaz García, José c6162d6162 00104070aBCEJYSbBCEJYSc16d2026-04-07l0o330.342 S392pL26685r2026-04-07 15:58:34w2026-04-07yL